Strawberry guy - Mrs. Magic - Statistics

General Stats
  • This quiz has been taken 18 times
  • The average score is 101 of 124
Answer Stats
lyrics % Correct
be
100%
magic
100%
me
100%
mrs.
100%
my
100%
thin
100%
to
100%
and
90%
before
90%
don't
90%
give
90%
i
90%
it
90%
know
90%
mind
90%
one
90%
please
90%
show
90%
starts
90%
wear
90%
back
80%
chance
80%
deep
80%
fro
80%
from
80%
in
80%
inside
80%
last
80%
myself
80%
what
80%
within
80%
can't
70%
get
70%
just
70%
leaving
70%
let
70%
outside
70%
doing
60%
here
60%
i'm
60%
no
60%
radio
60%
tell
60%
you
60%
loosen
50%
battered
40%
lurks
30%
No matching quizzes found
Score Distribution
Percent of People with Each Score
Percentile by Number Answered
Your Score History
You have not taken this quiz